Tribunal Calificador de Elecciones

Detalles Bibliográficos
Formato: eBook
Lenguaje:español
Materias:
Acceso en línea:Acceso restringido

MARC

LEADER 00000nam a22000007a 4500
005 20140715232952.0
007 cr|||| ||||
008 140715s1988 cl |||||s||||z00||0 spa d
035 |a 12155 
040 |a vLex 
090 |c 5078  |d 5078 
245 0 0 |a Tribunal Calificador de Elecciones  |h [Recurso electrn̤ico] / 
256 |a Servicio en ln̕ea 
300 |a 1 recurso electrn̤ico 
506 1 |a Disponible solo en los productos indicados  |d vLex Global  |d vLex Global (Academic Edition, excluding Law Schools)  |d vLex Global (U.S. Academic Edition, Law Schools)  |d vLex Global (U.S. Academic Edition, excluding Law Schools)  |d vLex Global (Academic Edition, Law Schools) 
650 0 4 |a Rǧimen Electoral  |z Chile 
740 0 |a vLex Libros (Servicio en ln̕ea) 
856 4 0 |u http://vlex.com/source/tribunal-calificador-elecciones-12155  |z Acceso restringido 
942 |c BOOK 
999 0 |a Electoral System